Engineering economy (Record no. 4218)

000 -LEADER
fixed length control field 00580nam a2200229 i 4500
001 - CONTROL NUMBER
control field 4218
003 - CONTROL NUMBER IDENTIFIER
control field BD-DhUET
008 - FIXED-LENGTH DATA ELEMENTS--GENERAL INFORMATION
fixed length control field 780213s1979 nyua b 001 0 eng
020 ## - INTERNATIONAL STANDARD BOOK NUMBER
International Standard Book Number 002328160X
040 ## - CATALOGING SOURCE
Original cataloging agency DLC
Transcribing agency DLC
Modifying agency BD-DhUET
082 ## - DEWEY DECIMAL CLASSIFICATION NUMBER
Classification number 658.92
Item number DEG/1979
100 1# - MAIN ENTRY--PERSONAL NAME
Personal name DeGarmo, E. Paul
245 10 - TITLE STATEMENT
Title Engineering economy
250 ## - EDITION STATEMENT
Edition statement 6th ed.
260 ## - PUBLICATION, DISTRIBUTION, ETC. (IMPRINT)
Place of publication, distribution, etc. London
Name of publisher, distributor, etc. Macmillan
Date of publication, distribution, etc. 1979
300 ## - PHYSICAL DESCRIPTION
Extent xv, 576p.
Other physical details ill.
Dimensions 24 cm.
504 ## - BIBLIOGRAPHY, ETC. NOTE
Bibliography, etc Includes bibliographies
650 #0 - SUBJECT ADDED ENTRY--TOPICAL TERM
Topical term or geographic name as entry element Engineering economy
700 ## - ADDED ENTRY--PERSONAL NAME
Personal name Canada, John R.
700 ## - ADDED ENTRY--PERSONAL NAME
Personal name Sullivan, William G.
942 ## - ADDED ENTRY ELEMENTS (KOHA)
Koha item type General Book
Holdings
Koha normalized classification for sorting Koha date last borrowed Price effective from Koha issues (times borrowed) Withdrawn status Source of classification or shelving scheme Lost status Koha date last seen Date acquired Copy number Piece designation (barcode) Not for loan Location (home branch) Shelving location Koha full call number Koha item type Sublocation or collection (holding branch) Damaged status
658_920000000000000_DEG_19792024-10-282014-11-131   2024-12-032014-11-13171365 Central Library, BUETCirculation section658.92/DEG/1979General BookCentral Library, BUET 
658_920000000000000_DEG_1979 2015-02-28    2015-02-282015-02-28265414 Central Library, BUETCirculation section658.92/DEG/1979General BookCentral Library, BUET 
658_920000000000000_DEG_1979 2015-02-28    2015-02-282015-02-28365112 Central Library, BUETCirculation section658.92/DEG/1979General BookCentral Library, BUET 
658_920000000000000_DEG_1979 2015-02-28    2015-02-282015-02-28465410 Central Library, BUETCirculation section658.92/DEG/1979General BookCentral Library, BUET 
658_920000000000000_DEG_1979 2015-02-28    2015-02-282015-02-28565107 Central Library, BUETCirculation section658.92/DEG/1979General BookCentral Library, BUET 
658_920000000000000_DEG_1979 2015-03-04    2015-03-042015-03-04614958 Central Library, BUETCirculation section658.92/DEG/1979General BookCentral Library, BUET